| 000 | 01166nam a2200241Ia 4500 | ||
|---|---|---|---|
| 999 |
_c51522 _d51522 |
||
| 001 | 18511 | ||
| 003 | GE_BSU | ||
| 005 | 20241011101949.0 | ||
| 008 | 181216s2016||||ge |||||||||||||| ||geo|| | ||
| 020 | _a9789941177781 | ||
| 040 | _cGE_BSU | ||
| 041 | _ageo | ||
| 080 | _a338.22(075.8) + 005.511 შ-48 | ||
| 100 |
_aშენგელია, თეიმურაზ _923385 |
||
| 245 |
_aბიზნესის ადმინისტრირების საფუძვლები = Fundamentals of business administration : _bნაწ. 1, 2 / _cთეიმურაზ შენგელია, რედ. გოცირიძე, რომან |
||
| 264 |
_aთბილისი : _bუნივერსალი, _c2016. |
||
| 300 |
_a654 გვ. : _bნახ., ცხრ.. _c 20 სმ. |
||
| 520 | _aთავფურ., ყდა ქართ. და ინგლ. | ||
| 653 | _aბიზნესის ადმინისტრირების საფუძვლები | ||
| 653 | _aეკონომიკა | ||
| 700 |
_aგოცირიძე, რომან _eრედაქტორი _9815 |
||
| 942 |
_cBK _2udc |
||